Management of household solid waste in Kitwe: a case of Nkana East, Misenshi-Mindolo and Chimwemwe Townships (Record no. 49967)

MARC details
000 -LEADER
fixed length control field 00778nam a2200169 a 4500
008 - FIXED-LENGTH DATA ELEMENTS--GENERAL INFORMATION
fixed length control field 170817s2016 ||||||||||||||||| || u
050 ## - LIBRARY OF CONGRESS CALL NUMBER
Classification number CBU-PG THESIS/BOM
100 ## - MAIN ENTRY--PERSONAL NAME
Personal name Boma, Catherine Kalunga
245 10 - TITLE STATEMENT
Title Management of household solid waste in Kitwe: a case of Nkana East, Misenshi-Mindolo and Chimwemwe Townships
Statement of responsibility, etc. by Catherine Kalunga Boma
260 ## - PUBLICATION, DISTRIBUTION, ETC.
Place of publication, distribution, etc. Kitwe:
Name of publisher, distributor, etc. Copperbelt University
Date of publication, distribution, etc. 2016
300 ## - PHYSICAL DESCRIPTION
Extent x, 68p.: ill.
500 ## - GENERAL NOTE
General note Includes References
650 ## - SUBJECT ADDED ENTRY--TOPICAL TERM
Topical term or geographic name entry element REFUSE AND REFUSE DISPOSAL--KITWE--ZAMBIA
650 ## - SUBJECT ADDED ENTRY--TOPICAL TERM
Topical term or geographic name entry element WASTE MANAGEMENT--KITWE--ZAMBIA
650 ## - SUBJECT ADDED ENTRY--TOPICAL TERM
Topical term or geographic name entry element REFUSE AND REFUSE DISPOSAL--ZAMBIA
995 ## - RECOMMENDATION 995 [LOCAL, UNIMARC FRANCE]
-- CBU-MAIN LIBRARY (Kitwe)
-- 1
-- AVAILABLE
-- Aug 17, 2017
-- Copperbelt University
-- University Collection
Holdings
Withdrawn status Lost status Source of classification or shelving scheme Damaged status Not for loan Home library Current library Shelving location Date acquired Total Checkouts Full call number Barcode Date last seen Price effective from Koha item type
          CBU-MAIN LIBRARY, KITWE. CBU-MAIN LIBRARY, KITWE.   11/30/2022   CBU-PG THESIS/BOM B3385 11/30/2022 11/30/2022 MONOGRAPH